Retos y desafíos fundamentales de nuestro sistema educativo /
保存先:
| 第一著者: | |
|---|---|
| フォーマット: | テキスト |
| 主題: | |
| タグ: |
タグ追加
タグなし, このレコードへの初めてのタグを付けませんか!
|
MARC
| LEADER | 00000 a a2200000 04500 | ||
|---|---|---|---|
| 001 | 16835 | ||
| 003 | |||
| 040 | |||
| 100 | |a Rodríguez Mena, Luis Paulino | ||
| 245 | |a Retos y desafíos fundamentales de nuestro sistema educativo / |c Luis Paulino Rodríguez Mena | ||
| 650 | |a CALIDAD DE LA EDUCACION | ||
| 650 | |a REFORMA DE LA EDUCACION | ||
| 773 | |g volumen 12, número 2; páginas 171-176 | ||
| 999 | |c 28900 |d 28900 | ||
